Comparative abundances of neotropical small mamals by trap height (Registro nro. 11698)

Detalles MARC
000 -CABECERA
Campo de control 004120000a22001450004500
090 ## - CLASIFICACIÓN LOCAL
Colección AR
Consecutivo 02636
041 0# - IDIOMA
Código de idioma para texto/pista de sonido o título separado
100 1# - ASIENTO PRINCIPAL--NOMBRE PERSONAL
Nombre personal Malcolm, Jay R.
245 10 - MENCION DE TITULO
Título Comparative abundances of neotropical small mamals by trap height
650 14 - ASIENTO SECUNDARIO DE MATERIA - TERMINO TEMATICO
Término temático o nombre geográfico como elemento de entrada Mamíferos
650 14 - ASIENTO SECUNDARIO DE MATERIA - TERMINO TEMATICO
Término temático o nombre geográfico como elemento de entrada Densidad
650 14 - ASIENTO SECUNDARIO DE MATERIA - TERMINO TEMATICO
Término temático o nombre geográfico como elemento de entrada Roedores
773 1# - Item fuente:
Título Journal of Mammalogy
Especificación de materiales 106
Descripción física 1
Paginas del Articulo 188-192
Lugar, editorial y fecha de publicación 1991
Información sobre la relación 72
942 ## - ELEMENTOS ADICIONALES (KOHA)
Tipo de ítem Artículo
Existencias
Withdrawn status Lost status Damaged status No para préstamo Colección Ubicación Permanente Ubicación actual Fecha de adquisición Datos de publicación Seriada Total Checkouts Número topográfico Inventario / Código de Barras Date last seen Ejemplar Price effective from Forma de adquisición Tipo de material
      No para Préstamo Hemeroteca Bogotá Bogotá 27/02/2015 Fuera de circulación   AR 02636 013050 25/03/2015 1 25/03/2015   Artículo